000 01270nam a2200277 i 4500
001 159835
003 ES-MaACL
005 20251013180954.0
008 940202s1882 sp a |||| | spa d
100 1 _aMistral, Frédéric,
_d1830-1914
_981664
245 1 0 _aMireya /
_cpoema provenzal de Federico Mistral ; puesto en prosa española por Celestino Barallat y Falguera ; ilustrado por Enrique Serra ; fotograbados de Goupil y al zinc de Verdaguer.
246 3 _aTit. de anteport.: Mireya : poema coronado por la Academia francesa.
260 _aBarcelona :
_b[Domenech],
_c1882 (
_fTipo-Lit. de C. Verdaguer)
300 _aXIV, 237 p., [17] h. de lám. :
_bil. ;
_c21 cm.
490 1 _aBiblioteca "Arte y letras"
530 _aDisponible en formato digital.
599 _a[15] h. de lám. son grab. al zinc y [2] h. son fotograbados.
700 1 _aBarallat y Falguera, Celestino (
_d1840-1905)
_925298
700 1 _aSerra, Enrique.
_9105605
700 1 _aGoupil, Adolfo,
_d1806-1893
_9127497
700 1 _aVerdaguer, Celestino.
_9171865
830 1 0 _aBiblioteca "Arte y letras"
_9180874
852 _aES-MaACL
_jB-716
_z- Enc. tela
856 _uhttps://archive.org/details/mireyapoemaprov00falggoog
_zInternet Archive
999 _c159835
_d159835